Southville International School and Colleges
Your cart is empty.
  • Cart
  • Lists
    Public lists Eva Luna New books Lux_list list_1
    Your lists Log in to create your own lists
  • Log in to your account
  • Your cookies
  • Search history
Southville International School and Colleges
  • Advanced search
  • Recent comments
  • Most popular
  • Libraries

Log in to your account

Log in with GOOGLE


If you do not have an external account, but do have a local account, you can still log in:

  1. Home
  2. MARC view: Persuasive writing and speaking :
Normal view MARC view ISBD view

Persuasive writing and speaking : (Record no. 357226)

[ view plain ]
MARC details
000 -LEADER
fixed length control field 00759nam a2200265Ia 4500
008 - FIXED-LENGTH DATA ELEMENTS--GENERAL INFORMATION
fixed length control field 180523s9999 xx 000 0 und d
020 ## - INTERNATIONAL STANDARD BOOK NUMBER
International Standard Book Number 981-254-528-X
050 ## - LIBRARY OF CONGRESS CALL NUMBER
Classification number MAIN HF 5718
050 ## - LIBRARY OF CONGRESS CALL NUMBER
Item number .W33 2005 c.2
100 ## - MAIN ENTRY--PERSONAL NAME
Personal name Wachob, Phyllis.
245 #0 - TITLE STATEMENT
Title Persuasive writing and speaking :
245 #0 - TITLE STATEMENT
Remainder of title communication fundamentals for business /
245 #0 - TITLE STATEMENT
Statement of responsibility, etc Phyllis Wachob.
260 ## - PUBLICATION, DISTRIBUTION, ETC. (IMPRINT)
Place of publication, distribution, etc Singapore :
260 ## - PUBLICATION, DISTRIBUTION, ETC. (IMPRINT)
Name of publisher, distributor, etc Thomson Learning,
260 ## - PUBLICATION, DISTRIBUTION, ETC. (IMPRINT)
Date of publication, distribution, etc 2005
300 ## - PHYSICAL DESCRIPTION
Extent 108 pages :
300 ## - PHYSICAL DESCRIPTION
Other physical details illustrations ;
300 ## - PHYSICAL DESCRIPTION
Dimensions 24 cm.
500 ## - GENERAL NOTE
General note Includes bibliographical references.
650 ## - SUBJECT ADDED ENTRY--TOPICAL TERM
Topical term or geographic name as entry element Business presentations.
650 ## - SUBJECT ADDED ENTRY--TOPICAL TERM
Topical term or geographic name as entry element Business writing.
650 ## - SUBJECT ADDED ENTRY--TOPICAL TERM
General subdivision Business communication.
650 ## - SUBJECT ADDED ENTRY--TOPICAL TERM
General subdivision English language -- Business English.
Holdings
Withdrawn status Lost status Damaged status Home library Current library Shelving location Date acquired Cost, normal purchase price Total Checkouts Full call number Barcode Date last seen Price effective from Koha item type
      South Mansfield College South Mansfield College   06/18/2007 900.00   MAIN HF 5718 .W33 2005 c.2 SMC03601 05/23/2018 05/23/2018  

Persuasive writing and speaking :

APA

Wachob P., .Persuasive writing and speaking. Singapore: .

Chicago

Wachob Phyllis, .Persuasive writing and speaking. Singapore: .

Harvard

Wachob P., .Persuasive writing and speaking. Singapore: .

MLA

Wachob Phyllis, .Singapore: . .

  • Place hold
  • Print
  • Cite
  • Add to your cart (remove)
  • Save record
    BIBTEX Dublin Core MARCXML MARC (non-Unicode/MARC-8) MARC (Unicode/UTF-8) MARC (Unicode/UTF-8, Standard) MODS (XML) RIS
  • More searches
    Search for this title in:
    Other Libraries (WorldCat) Other Databases (Google Scholar) Online Stores (Bookfinder.com) Open Library (openlibrary.org)

Exporting to Dublin Core...

SOUTHVILLE LIBRARY

Southville International School and Colleges Library

1281 Tropical Ave. Cor. Luxembourg St., BF Homes International, Las Pinas City

Tel. No. 8256374 / 252358 Loc. 117/146

Powered by Koha